Loading...
| Fine Arts - Classical Music | 6 | 16.67 | 100% | 67% | 0% |
| Fine Arts - Other Fine Arts | 5 | 14.00 | 100% | 40% | 0% |
| Fine Arts - Painting & Sculpture | 5 | 18.00 | 100% | 80% | 0% |
| History - American History | 5 | 16.00 | 100% | 60% | 0% |
| History - European History | 5 | 24.00 | 100% | 60% | 80% |
| History - Other History | 6 | 21.67 | 100% | 83% | 33% |
| History - World History | 5 | 18.00 | 100% | 80% | 0% |
| Literature - American Literature | 3 | 13.33 | 100% | 33% | 0% |
| Literature - British Literature | 4 | 17.50 | 100% | 50% | 25% |
| Literature - European Literature | 3 | 20.00 | 100% | 100% | 0% |
| Literature - World Literature | 5 | 18.00 | 100% | 80% | 0% |
| Mythology | 5 | 18.00 | 100% | 80% | 0% |
| Other | 4 | 12.50 | 100% | 25% | 0% |
| Philosophy | 6 | 26.67 | 100% | 100% | 67% |
| Religion | 6 | 23.33 | 100% | 100% | 33% |
| Science - Biology | 3 | 13.33 | 100% | 33% | 0% |
| Science - Chemistry | 5 | 16.00 | 100% | 40% | 20% |
| Science - Other Science | 6 | 11.67 | 100% | 17% | 0% |
| Science - Physics | 4 | 15.00 | 100% | 50% | 0% |
| Social Science | 4 | 20.00 | 100% | 75% | 25% |